| 000 | 01135nam a22002053i 4500 | ||
|---|---|---|---|
| 001 | 164621 | ||
| 003 | ES-MaACL | ||
| 005 | 20230906212954.0 | ||
| 008 | 001002s1893 sp |||| | spa d | ||
| 100 | 1 |
_aSánchez y Massia, Manuel. _9133040 |
|
| 245 | 1 | 0 |
_aMetalurgia del plomo / _cpor D. Manuel Sánchez y Massia. |
| 260 |
_aMadrid : _b[s.n.], _c1893 ( _fEst. Tip. de Enrique Teodoro) |
||
| 300 |
_a376 p. ; _c25 cm. |
||
| 530 | _aDisponible en formato digital. | ||
| 595 | _aHay 8 h. de lám. dobles, de 32 cm, enc. en T-1087-F, que corresponden a esta obra; las lám. encabezan con "M. Sánchez y Massia, Metalurgia del plomo", realizadas por "Lit. Méndez" | ||
| 650 |
_aPlomo- _xMetalurgia. _9140798 |
||
| 852 |
_aES-MaACL _jB-7995 _z- Enc. hol. _z- Legado de Federico de Botella y Hornos |
||
| 852 | 1 |
_aBA _jT-1087-F-4 - _z8 h. de lám. dobles, de 32 cm, enc., las h. de lám. encabezan con "M. Sánchez y Massia, Metalurgia del plomo", realizadas por "Lit. Méndez" _z- Legado de Federico de Botella y de Hornos |
|
| 856 |
_uhttp://bdh-rd.bne.es/viewer.vm?id=0000058460&page=1 _zBiblioteca Digital Hispánica |
||
| 999 |
_c164621 _d164621 |
||